000 00281nam a2200109Ia 4500
008 190911s9999||||xx |||||||||||||| ||und||
100 _aUNI GRANTS commission
245 0 _aHandbookn Universities of pakistan 1998
260 _aIslamabad
_bPearson
_c1998
300 _a820
942 _cBK
999 _c6767
_d6767